Statistics for Words beginning with PUN

Click here to take the quiz!

General Stats

  • This quiz has been taken 51 times
  • The average score is 10 of 17

Answer Stats

HintAnswer% Correct
To hit with the fist ........ ask Judy:Punch
95%
Of inferior size, weak:Puny
95%
A play on words:Pun
88%
Arriving at the appointed time, prompt:Punctual
83%
To pierce or deflate, ask the Automobile Association:Puncture
80%
To inflict a penalty or hurt:Punish
80%
A young disrespectful person, often likes rock music:Punk
78%
Bearing a sharp acrid taste or smell:Pungent
70%
The use of standard signs and marks in writing:Punctuation
65%
A learned person, an expert:Pundit
53%
Inflicting or aiming to inflict punishment, legal damages:Punitive
48%
Indian region meaning 'The land of Five Rivers':Punjab
48%
To propel a boat with a pole, gives you a kick:Punt
48%
An Indian city of 3+ million once called Poona:Pune
43%
A small light basket used for fruit e.g. Strawberries:Punnet
38%
Where Phil the Groundhog lives in Pennsylvania:Punxsutawney
30%
A cask with capacity of 72 to 120 gallons:Puncheon
3%

Score Distribution

Percentile by Number Answered

Percent of People with Each Score

Your Score History

You have not taken this quiz